00479nam a22001697a 450000500170000001000130001702000110003003500120004103700180005308200080007110000560007924500570013524600470019225000090023926000300024830000310027820151109110931.0 aPUN-7796 c125.00 aPN-6914 aunistar books a854 aਸਰਾਂ, ਕੁਲਵਿੰਦਰ ਸਿੰਘ aਸਾਡਾ ਰਾਸ਼ਟਰੀ ਚਰਿਤਰ / aSada Rashtri CintanbbyKulwinder Singh Sra a2012 aChandigarhbUnistar Books aPg.95b22cmਸਜਿਲਦ